[Event "New York Blitz Fuel GM-A"]
[Site "New York"]
[Date "2025.01.20"]
[Round "8"]
[White "Schnaider, Ilan"]
[Black "Escobar Forero, Alder"]
[Result "0-1"]
[WhiteElo "2392"]
[BlackElo "2420"]
[PlyCount "132"]
[EventDate "2025.01.16"]
[EventType "tourn"]
[EventRounds "9"]
[EventCountry "USA"]
[EventCategory "8"]
[SourceTitle "CB05_2025"]
[SourceDate "2025.01.29"]
[SourceVersion "1"]
[SourceVersionDate "2025.01.29"]
[SourceQuality "1"]

1. d4 d5 2. Nc3 Nf6 3. Bf4 a6 4. e3 Bf5 5. Nf3 e6 6. Ne5 h6 7. g4 Bh7 8. h4 Nfd7 9. Bg2 Nxe5 10. Bxe5 Nc6 11. Bf4 Be7 12. h5 Nb4 13. Rc1 c5 14. dxc5 Bxc5 15. 0-0 0-0 16. a3 Nc6 17. b4 Ba7 18. Na4 Qe7 19. c4 e5 20. Bg3 d4 21. e4 Rad8 22. Qd3 Qg5 23. Bf3 g6 24. hxg6 fxg6 25. b5 Ne7 26. Kg2 Qf6 27. Be2 g5 28. Rh1 Ng6 29. f3 Kg7 30. b6 Bb8 31. c5 Rc8 32. Nb2 Nf4+ 33. Bxf4 Qxf4 34. c6 bxc6 35. Rcf1 Rcd8 36. Nc4 Bg8 37. Na5 c5 38. Rf2 Be6 39. Rhf1 h5 40. gxh5 Rd6 41. b7 Bf7 42. Rh1 Rh6 43. Kg1 Rfh8 44. Bf1 Bc7 45. Nc4 Rxh5 46. Rxh5 Bxh5 47. Qd2 Bxf3 48. Rxf3 Qxf3 49. Qxg5+ Kf7 50. Bg2 Qd1+ 51. Kf2 Qh5 52. Qc1 Qh4+ 53. Kg1 Qh2+ 54. Kf2 Rg8 55. Qf1 Ke7 56. Nd2 Qf4+ 57. Ke1 Qg3+ 58. Kd1 Qxg2 59. Qc4 Qg4+ 60. Kc2 Qe6 61. Qxc5+ Bd6 62. Qc6 Qa2+ 63. Kd3 Qxa3+ 64. Ke2 Qe3+ 65. Kd1 Rg1+ 66. Kc2 Qc3+ 0-1

[Event "New York Blitz Fuel GM-A"]
[Site "New York"]
[Date "2025.01.19"]
[Round "6"]
[White "Cordova, Emilio"]
[Black "Escobar Forero, Alder"]
[Result "1/2-1/2"]
[WhiteElo "2533"]
[BlackElo "2420"]
[PlyCount "31"]
[EventDate "2025.01.16"]
[EventType "tourn"]
[EventRounds "9"]
[EventCountry "USA"]
[EventCategory "8"]
[SourceTitle "CB05_2025"]
[SourceDate "2025.01.29"]
[SourceVersion "1"]
[SourceVersionDate "2025.01.29"]
[SourceQuality "1"]

1. d4 Nf6 2. Nf3 g6 3. g3 Bg7 4. Bg2 0-0 5. 0-0 d6 6. c4 Nc6 7. Nc3 e5 8. dxe5 Nxe5 9. Nxe5 dxe5 10. Qxd8 Rxd8 11. Bg5 Rd4 12. Rfd1 c6 13. Be3 Rxd1+ 14. Rxd1 Be6 15. b3 Bf8 16. h3 1/2-1/2

[Event "New York Blitz Fuel GM-A"]
[Site "New York"]
[Date "2025.01.19"]
[Round "7"]
[White "Escobar Forero, Alder"]
[Black "Kevlishvili, Robby"]
[Result "0-1"]
[WhiteElo "2420"]
[BlackElo "2560"]
[PlyCount "102"]
[EventDate "2025.01.16"]
[EventType "tourn"]
[EventRounds "9"]
[EventCountry "USA"]
[EventCategory "8"]
[SourceTitle "CB05_2025"]
[SourceDate "2025.01.29"]
[SourceVersion "1"]
[SourceVersionDate "2025.01.29"]
[SourceQuality "1"]

1. e4 e5 2. Nf3 Nc6 3. Bb5 a6 4. Ba4 Nf6 5. d3 d6 6. 0-0 b5 7. Bb3 Na5 8. Re1 Be7 9. c4 0-0 10. Nc3 c6 11. cxb5 axb5 12. Bc2 b4 13. Ne2 c5 14. Ba4 Qc7 15. Ng3 Rd8 16. Bd2 h6 17. Qc2 Qb7 18. Nh4 Be6 19. Nhf5 Bf8 20. b3 d5 21. f4 dxe4 22. dxe4 c4 23. fxe5 Ng4 24. h3 Nxe5 25. Be3 Rd3 26. Rab1 Rc8 27. Qb2 f6 28. Nd4 Bf7 29. Qf2 Bc5 30. Ndf5 Rxe3 31. Rxe3 Nd3 32. Qe2 Rd8 33. Rd1 Qb6 34. Kh2 Bxe3 35. Nxe3 Nc5 36. Nef5 Rxd1 37. Qxd1 h5 38. bxc4 Qc7 39. Kh1 Nxc4 40. Bb3 Nxb3 41. axb3 Ne5 42. Nxh5 Bxh5 43. Qxh5 g6 44. Qh6 gxf5 45. Qxf6 Qc1+ 46. Kh2 Qf4+ 47. Kh1 Qxe4 48. Qd8+ Kg7 49. Qc7+ Nf7 50. Qg3+ Kf6 51. h4 Qd4 0-1

[Event "Titled Tuesday intern op 14th Jan Early"]
[Site "Chess.com INT"]
[Date "2025.01.14"]
[Round "1"]
[White "Caruana, Fabiano"]
[Black "Escobar Forero, Alder"]
[Result "1-0"]
[WhiteElo "2803"]
[BlackElo "2420"]
[PlyCount "125"]
[EventDate "2025.01.14"]
[EventType "swiss (blitz)"]
[EventRounds "11"]
[EventCountry "USA"]
[SourceTitle "CB04_2025"]
[SourceDate "2025.01.22"]
[SourceVersion "1"]
[SourceVersionDate "2025.01.22"]
[SourceQuality "1"]

1. d4 Nf6 2. g3 d6 3. Bg2 Nbd7 4. e4 e5 5. Ne2 Be7 6. 0-0 0-0 7. Nbc3 c6 8. a4 a5 9. h3 Re8 10. g4 Bf8 11. Be3 g6 12. Ng3 Bg7 13. Qd2 exd4 14. Bxd4 Ne5 15. Rae1 Bxg4 16. hxg4 Nfxg4 17. f3 Nc4 18. Qd1 Nxb2 19. fxg4 Nxd1 20. Bxg7 Kxg7 21. Rxd1 Qb6+ 22. Kh2 Rad8 23. Rd3 Re6 24. Nge2 Qc5 25. Nd4 Re7 26. Nce2 h5 27. gxh5 Rh8 28. Ng3 Qe5 29. Kg1 Qc5 30. Rf2 Re5 31. c3 b5 32. axb5 cxb5 33. Rdf3 Re7 34. hxg6 fxg6 35. Nge2 b4 36. Nf4 Rhe8 37. Rg3 Kh7 38. Rxg6 bxc3 39. Nde6 c2 40. Nxc5 c1Q+ 41. Kh2 Qxc5 42. Rf3 Re5 43. Rg4 Kh6 44. Rh3+ Rh5 45. Nxh5 Qxh5 46. Rxh5+ Kxh5 47. Rg7 Re5 48. Ra7 Kg5 49. Kg3 Kf6 50. Bf3 Rg5+ 51. Kf4 Rc5 52. Ra6 Ke6 53. Bg4+ Ke7 54. Bf5 Re5 55. Ra7+ Ke8 56. Kg5 Re7 57. Ra8+ Kf7 58. Ra6 Re5 59. Rxd6 Rc5 60. Ra6 Rb5 61. Ra7+ Ke8 62. Kf6 Kd8 63. e5 1-0

[Event "Titled Tuesday intern op 14th Jan Early"]
[Site "Chess.com INT"]
[Date "2025.01.14"]
[Round "9"]
[White "Escobar Forero, Alder"]
[Black "Dinesh, Rajan M"]
[Result "1-0"]
[WhiteElo "2420"]
[BlackElo "2189"]
[PlyCount "115"]
[EventDate "2025.01.14"]
[EventType "swiss (blitz)"]
[EventRounds "11"]
[EventCountry "USA"]
[SourceTitle "CB04_2025"]
[SourceDate "2025.01.22"]
[SourceVersion "1"]
[SourceVersionDate "2025.01.22"]
[SourceQuality "1"]

1. e4 c5 2. b3 e6 3. Bb2 Nc6 4. Bb5 Nge7 5. Nf3 a6 6. Bxc6 Nxc6 7. 0-0 d5 8. exd5 Qxd5 9. Nc3 Qh5 10. Na4 b5 11. Nb6 Rb8 12. Nxc8 Rxc8 13. a4 Bd6 14. axb5 axb5 15. Qe2 0-0 16. Qxb5 Nb4 17. Qc4 Rfd8 18. d3 Nd5 19. Qh4 Qg6 20. Ra4 Nb4 21. Ne1 h6 22. g3 Ra8 23. Kg2 Kh7 24. Rxa8 Rxa8 25. Bc3 Nd5 26. Bd2 Ra2 27. Qc4 Qf5 28. Qe4 Kg6 29. f4 Nb4 30. Bxb4 cxb4 31. g4 Qxe4+ 32. dxe4 e5 33. f5+ Kg5 34. Kg3 Bc5 35. Rf3 Bd4 36. Rd3 Kf6 37. Nf3 Bc3 38. Rd6+ Ke7 39. Rd5 f6 40. Rc5 Rxc2 41. Rc7+ Kf8 42. Rc4 Rc1 43. h4 Kg8 44. g5 hxg5 45. hxg5 fxg5 46. Kg4 Kf7 47. Nxg5+ Ke7 48. Rc7+ Kd6 49. Rxg7 Rg1+ 50. Kh5 Kc6 51. f6 Bd4 52. f7 Bc5 53. Ne6 Rh1+ 54. Kg6 Bd6 55. f8Q Bxf8 56. Nxf8 Kc5 57. Rc7+ Kd4 58. Rc4+ 1-0

[Event "Titled Tuesday intern op 14th Jan Early"]
[Site "Chess.com INT"]
[Date "2025.01.14"]
[Round "7"]
[White "Escobar Forero, Alder"]
[Black "Haddouche, Mohamed Amine"]
[Result "0-1"]
[WhiteElo "2420"]
[BlackElo "2490"]
[PlyCount "90"]
[EventDate "2025.01.14"]
[EventType "swiss (blitz)"]
[EventRounds "11"]
[EventCountry "USA"]
[SourceTitle "CB04_2025"]
[SourceDate "2025.01.22"]
[SourceVersion "1"]
[SourceVersionDate "2025.01.22"]
[SourceQuality "1"]

1. e4 e5 2. Nf3 Nc6 3. Bb5 a6 4. Ba4 d6 5. c4 Nf6 6. Nc3 Bg4 7. d3 Nd7 8. Be3 Be7 9. h3 Bh5 10. Nd5 0-0 11. g4 Bg6 12. h4 f6 13. h5 Bf7 14. Nh4 Nc5 15. Bxc5 dxc5 16. Bxc6 bxc6 17. Nc3 h6 18. Rh3 Re8 19. Nf5 Bf8 20. b3 Be6 21. Qe2 a5 22. Na4 Qb8 23. Kf1 Qa7 24. Qe3 Rad8 25. Rd1 Rd7 26. f4 exf4 27. Qxf4 Bd6 28. Qf2 Red8 29. Rf3 Bf8 30. Kg2 Rf7 31. Kh3 Re8 32. Nh4 Bc8 33. Ng6 Bd6 34. Rf1 Bd7 35. Re1 Be6 36. Nf4 Bd7 37. Re2 Re5 38. Kh4 Rg5 39. Rg3 Qb8 40. Rg2 Qd8 41. Ng6 f5 42. exf5 Rgxf5+ 43. Kh3 Rxf2 44. Rgxf2 Rxf2 45. Rxf2 Qg5 0-1

[Event "Wch Blitz"]
[Site "New York"]
[Date "2024.12.30"]
[Round "10"]
[White "Escobar Forero, Alder"]
[Black "Brodsky, David"]
[Result "0-1"]
[WhiteElo "2420"]
[BlackElo "2538"]
[PlyCount "122"]
[EventDate "2024.12.30"]
[EventType "swiss (blitz)"]
[EventRounds "13"]
[EventCountry "USA"]
[SourceTitle "CB01_2025"]
[SourceDate "2025.01.01"]
[SourceVersion "1"]
[SourceVersionDate "2025.01.01"]
[SourceQuality "1"]

1. e4 c5 2. b3 g6 3. Bb2 Nf6 4. e5 Nd5 5. Bc4 Nf4 6. Qf3 Ne6 7. h4 Nc6 8. h5 Bg7 9. hxg6 fxg6 10. Qg3 0-0 11. Bxe6+ dxe6 12. Nf3 Rf5 13. Na3 Qd5 14. Nc4 Nd4 15. Ne3 Nxf3+ 16. gxf3 Qxf3 17. Qxf3 Rxf3 18. Ke2 Rf4 19. Rh3 Bd7 20. f3 Bc6 21. Rf1 Raf8 22. d3 b5 23. Rf2 a5 24. a3 a4 25. bxa4 Rxa4 26. Ng4 Raf4 27. Ne3 c4 28. d4 Ra8 29. c3 Raf8 30. Nf1 h6 31. Rg3 g5 32. Nd2 Kh7 33. Rh2 Kg6 34. Bc1 R4f5 35. Rhh3 Bd5 36. Nf1 Kf7 37. Ne3 Ke8 38. Nxf5 exf5 39. Bxg5 hxg5 40. Rxg5 Rf7 41. Rh7 Bf8 42. Rh8 e6 43. Rgg8 Ke7 44. f4 Be4 45. Ke3 Bd5 46. Kf2 Bc6 47. Ke3 Bd5 48. Kd2 Bc6 49. Kc1 Bg7 50. Rh7 Bxe5 51. Rxf7+ Kxf7 52. Rc8 Bxf4+ 53. Kb2 Bd7 54. Rh8 Ke7 55. Rh4 Bg5 56. Rh5 Be3 57. Kc2 Bc6 58. Rh7+ Kd6 59. Kd1 f4 60. Rf7 Be4 61. Rf8 f3 0-1

[Event "Wch Blitz"]
[Site "New York"]
[Date "2024.12.30"]
[Round "3"]
[White "Fogo Esquivel, Levi Kalani Alexand"]
[Black "Escobar Forero, Alder"]
[Result "1/2-1/2"]
[WhiteElo "2053"]
[BlackElo "2420"]
[PlyCount "115"]
[EventDate "2024.12.30"]
[EventType "swiss (blitz)"]
[EventRounds "13"]
[EventCountry "USA"]
[SourceTitle "CB01_2025"]
[SourceDate "2025.01.01"]
[SourceVersion "1"]
[SourceVersionDate "2025.01.01"]
[SourceQuality "1"]

1. e4 d6 2. d4 Nf6 3. Nc3 e5 4. Nf3 Nbd7 5. Rg1 g6 6. g4 Bg7 7. Be3 c6 8. g5 Nh5 9. Qd2 Qe7 10. 0-0-0 0-0 11. h4 b5 12. dxe5 Nxe5 13. Nxe5 dxe5 14. Qd6 Qe6 15. Be2 Nf4 16. Bg4 Qc4 17. Bxc8 Raxc8 18. Qc5 Qxc5 19. Bxc5 Rfe8 20. a3 a5 21. Rd7 Ne6 22. Be3 Bf8 23. Rgd1 Bc5 24. Bxc5 Nxc5 25. Ra7 b4 26. Rxa5 Ne6 27. axb4 Nd4 28. f4 Nf3 29. fxe5 Nxe5 30. Rh1 Rb8 31. b5 Nc4 32. Ra4 cxb5 33. Nxb5 Nxb2 34. Kxb2 Rxb5+ 35. Kc3 Rc5+ 36. Rc4 Rxc4+ 37. Kxc4 Rxe4+ 38. Kb5 Re5+ 39. Kb4 h6 40. c4 hxg5 41. hxg5 Rxg5 42. c5 Rg2 43. Rc1 Rb2+ 44. Kc4 Kg7 45. Kd5 g5 46. c6 Rb8 47. Ke5 Kg6 48. c7 Re8+ 49. Kd4 Rc8 50. Ke4 f5+ 51. Kf3 Kh5 52. Rc6 f4 53. Rc5 Kg6 54. Kg4 Kf6 55. Rc6+ Ke5 56. Rc5+ Kd6 57. Rxg5 Rxc7 58. Kxf4 1/2-1/2

[Event "Wch Blitz"]
[Site "New York"]
[Date "2024.12.30"]
[Round "9"]
[White "Shimanov, Aleksandr"]
[Black "Escobar Forero, Alder"]
[Result "1-0"]
[WhiteElo "2593"]
[BlackElo "2420"]
[PlyCount "69"]
[EventDate "2024.12.30"]
[EventType "swiss (blitz)"]
[EventRounds "13"]
[EventCountry "USA"]
[SourceTitle "CB01_2025"]
[SourceDate "2025.01.01"]
[SourceVersion "1"]
[SourceVersionDate "2025.01.01"]
[SourceQuality "1"]

1. e4 d6 2. d4 Nf6 3. f3 Nbd7 4. c4 e5 5. Ne2 Be7 6. Be3 0-0 7. d5 c6 8. Nbc3 a6 9. Ng3 cxd5 10. cxd5 b5 11. a3 Ne8 12. Bd3 Bg5 13. Bf2 g6 14. 0-0 h5 15. Nge2 h4 16. h3 Ng7 17. Na2 Nc5 18. Nb4 Bd7 19. Bc2 Nh5 20. Nc6 Bxc6 21. dxc6 Rc8 22. b4 Ne6 23. a4 Rxc6 24. axb5 axb5 25. Bb3 Nhf4 26. Kh1 Qc8 27. Ra7 Nxh3 28. gxh3 Nf4 29. Nxf4 Bxf4 30. Kg2 Qd8 31. Qd5 Qg5+ 32. Kh1 Rc3 33. Rxf7 Rxb3 34. Rxf4+ Kg7 35. Rxf8 1-0

[Event "Wch Rapid"]
[Site "New York"]
[Date "2024.12.28"]
[Round "12"]
[White "Hovhannisyan, Robert"]
[Black "Escobar Forero, Alder"]
[Result "1-0"]
[WhiteElo "2575"]
[BlackElo "2409"]
[PlyCount "87"]
[EventDate "2024.12.26"]
[EventType "swiss (rapid)"]
[EventRounds "13"]
[EventCountry "USA"]
[SourceTitle "CB01_2025"]
[SourceDate "2025.01.01"]
[SourceVersion "1"]
[SourceVersionDate "2025.01.01"]
[SourceQuality "1"]

1. e4 d5 2. exd5 Qxd5 3. Nf3 Nf6 4. d4 g6 5. Be2 Bg7 6. 0-0 0-0 7. c4 Qd6 8. Nc3 a6 9. h3 c5 10. dxc5 Qxc5 11. Be3 Qc7 12. Rc1 e6 13. Qb3 Nbd7 14. Na4 Ne4 15. c5 Ndf6 16. Nb6 Rb8 17. Rfd1 Nh5 18. Qc4 f5 19. Bd4 Kh8 20. Bxg7+ Qxg7 21. Nd2 Nhf6 22. Rc2 e5 23. Nxe4 Nxe4 24. Bf3 Ng5 25. Bd5 f4 26. h4 Bg4 27. f3 Bf5 28. hxg5 Bxc2 29. Qxc2 Qe7 30. Qc3 Rbd8 31. Re1 Rf5 32. Qc4 Rxg5 33. b4 Rf5 34. Qe4 Qh4 35. g4 Qg3+ 36. Kf1 Qh3+ 37. Ke2 Rg5 38. Nc4 Qg2+ 39. Kd3 Qxa2 40. Nd6 Qa3+ 41. Kc2 Kg7 42. Bb3 Rd7 43. Qc4 h5 44. Qg8+ 1-0

[Event "Wch Rapid"]
[Site "New York"]
[Date "2024.12.27"]
[Round "6"]
[White "Escobar Forero, Alder"]
[Black "Aravindh, Chithambaram VR"]
[Result "0-1"]
[WhiteElo "2409"]
[BlackElo "2546"]
[PlyCount "64"]
[EventDate "2024.12.26"]
[EventType "swiss (rapid)"]
[EventRounds "13"]
[EventCountry "USA"]
[SourceTitle "CB01_2025"]
[SourceDate "2025.01.01"]
[SourceVersion "1"]
[SourceVersionDate "2025.01.01"]
[SourceQuality "1"]

1. e4 c5 2. Nf3 e6 3. d4 cxd4 4. Nxd4 a6 5. c4 Nf6 6. Nc3 Qc7 7. a3 b6 8. Bd3 Bb7 9. Qe2 d6 10. Be3 Nbd7 11. 0-0 Be7 12. Rfc1 Ne5 13. f3 0-0 14. Bb1 Rac8 15. b3 Qb8 16. Kh1 Rfe8 17. a4 Bd8 18. Bg1 Bc7 19. b4 d5 20. c5 bxc5 21. bxc5 Ba5 22. Nb3 dxe4 23. Nxe4 Bxe4 24. Nxa5 Bd5 25. Bd4 Ng6 26. Qxa6 Qf4 27. Bxg6 Qxd4 28. Be4 Ra8 29. Qb5 Nxe4 30. fxe4 Qxe4 31. Rg1 Reb8 32. Rae1 Rxb5 0-1

[Event "La Pobla de Lillet op 33rd"]
[Site "La Pobla de Lillet"]
[Date "2024.08.10"]
[Round "9"]
[White "Escobar Forero, Alder"]
[Black "Fernandez Diaz, Cristian"]
[Result "1/2-1/2"]
[WhiteElo "2423"]
[BlackElo "2160"]
[PlyCount "58"]
[EventDate "2024.08.02"]
[EventType "swiss"]
[EventRounds "9"]
[EventCountry "ESP"]
[SourceTitle "CBM 221 Extra"]
[Source "ChessBase"]
[SourceDate "2024.09.30"]
[SourceVersion "1"]
[SourceVersionDate "2024.09.30"]
[SourceQuality "1"]

1. e4 c5 2. Nf3 Nc6 3. d4 cxd4 4. Nxd4 Nf6 5. Nc3 e5 6. Ndb5 d6 7. Bg5 a6 8. Na3 b5 9. Nd5 Be7 10. Bxf6 Bxf6 11. c3 Ne7 12. Nxf6+ gxf6 13. Bd3 d5 14. Qe2 Bb7 15. 0-0-0 Qc7 16. Kb1 0-0-0 17. Rhe1 Kb8 18. Nc2 dxe4 19. Bxe4 Bxe4 20. Qxe4 f5 21. Qh4 Rxd1+ 22. Rxd1 Rd8 23. Rxd8+ Qxd8 24. Kc1 Nc6 25. Qxd8+ Nxd8 26. Ne3 f4 27. Ng4 Nc6 28. Nf6 h6 29. h4 Kc7 1/2-1/2

[Event "La Pobla de Lillet op 33rd"]
[Site "La Pobla de Lillet"]
[Date "2024.08.07"]
[Round "6"]
[White "Escobar Forero, Alder"]
[Black "Travesset Sagre, Jan"]
[Result "1/2-1/2"]
[WhiteElo "2423"]
[BlackElo "2312"]
[PlyCount "147"]
[EventDate "2024.08.02"]
[EventType "swiss"]
[EventRounds "9"]
[EventCountry "ESP"]
[SourceTitle "CBM 221 Extra"]
[Source "ChessBase"]
[SourceDate "2024.09.30"]
[SourceVersion "1"]
[SourceVersionDate "2024.09.30"]
[SourceQuality "1"]

1. e4 e5 2. Nf3 Nf6 3. Nxe5 d6 4. Nf3 Nxe4 5. d4 d5 6. Bd3 Be7 7. 0-0 Bf5 8. Re1 0-0 9. Nbd2 Nd6 10. Bf1 Nd7 11. c4 dxc4 12. Nxc4 Nxc4 13. Bxc4 c6 14. Bb3 Bf6 15. Bf4 Nb6 16. h3 Nd5 17. Bh2 Qb6 18. Ne5 Rad8 19. Qf3 Be6 20. Qe4 Rfe8 21. Nf3 Nc7 22. Bc2 g6 23. Qf4 Nd5 24. Qc1 Nb4 25. Bb1 Bd5 26. Be5 Bxe5 27. dxe5 Bxf3 28. gxf3 Qd4 29. a3 Na6 30. f4 Nc5 31. Bc2 Ne6 32. Re4 Qd2 33. Bb3 Qd3 34. Re3 Qf5 35. Bxe6 fxe6 36. Qc4 Rf8 37. Rae1 Rd5 38. Rf3 Rf7 39. Qe4 Qh5 40. Kg2 Rfd7 41. Qa4 a6 42. Qc4 Qf5 43. Qe4 Qf7 44. Qb1 Kh8 45. Qc2 Rd2 46. Qb1 R7d4 47. Re4 Qf5 48. Rfe3 g5 49. fxg5 R4d3 50. Qc1 Qxg5+ 51. Rg4 Qf5 52. Rxd3 Rxd3 53. Qf4 Qxf4 54. Rxf4 Rd5 55. Rf7 b5 56. f4 Rd2+ 57. Kg3 Rxb2 58. f5 exf5 59. e6 Kg8 60. Rc7 Kf8 61. Kf4 Re2 62. Kxf5 Re3 63. h4 h5 64. Rxc6 Rxa3 65. Rc7 b4 66. Rb7 a5 67. Kf6 Rf3+ 68. Ke5 b3 69. Rb8+ Ke7 70. Rb7+ Kd8 71. e7+ Ke8 72. Ke6 Re3+ 73. Kf6 a4 74. Rb4 1/2-1/2

[Event "La Pobla de Lillet op 33rd"]
[Site "La Pobla de Lillet"]
[Date "2024.08.02"]
[Round "1"]
[White "Ocampo Betancur, Cristina Angela"]
[Black "Escobar Forero, Alder"]
[Result "0-1"]
[WhiteElo "2034"]
[BlackElo "2423"]
[PlyCount "60"]
[EventDate "2024.08.02"]
[EventType "swiss"]
[EventRounds "9"]
[EventCountry "ESP"]
[SourceTitle "CBM 221 Extra"]
[Source "ChessBase"]
[SourceDate "2024.09.30"]
[SourceVersion "1"]
[SourceVersionDate "2024.09.30"]
[SourceQuality "1"]

1. e4 g6 2. d4 Bg7 3. Nf3 d6 4. h3 Nf6 5. Bd3 0-0 6. 0-0 c5 7. c3 cxd4 8. cxd4 Nc6 9. Nc3 d5 10. e5 Ne8 11. Re1 Nc7 12. Qb3 Rb8 13. a4 Na5 14. Qd1 Na6 15. Bf4 Ra8 16. Na2 Nc4 17. Qe2 Be6 18. Rac1 Nc7 19. Nc3 Rc8 20. Rc2 Qd7 21. Rec1 a6 22. Bxc4 dxc4 23. Ne4 Qxa4 24. Nc5 Qb5 25. Ng5 Bd5 26. Qg4 f6 27. exf6 exf6 28. Nf3 Qc6 29. Nd2 f5 30. Qg3 Nb5 0-1

[Event "Sitges op 48th"]
[Site "Sitges"]
[Date "2024.07.28"]
[Round "7"]
[White "Munoz Pantoja, Miguel Angel"]
[Black "Escobar Forero, Alder"]
[Result "1/2-1/2"]
[WhiteElo "2365"]
[BlackElo "2426"]
[PlyCount "27"]
[EventDate "2024.07.22"]
[EventType "swiss"]
[EventRounds "9"]
[EventCountry "ESP"]
[SourceTitle "CBM 221 Extra"]
[Source "ChessBase"]
[SourceDate "2024.09.30"]
[SourceVersion "1"]
[SourceVersionDate "2024.09.30"]
[SourceQuality "1"]

1. e4 Nf6 2. d3 e5 3. Nf3 Nc6 4. c4 Bc5 5. Be3 d6 6. h3 0-0 7. Be2 Nh5 8. 0-0 Bxe3 9. fxe3 Ng3 10. Re1 f5 11. exf5 Bxf5 12. Nc3 Rf6 13. Nh4 Bd7 14. Bg4 1/2-1/2

[Event "Sitges op 48th"]
[Site "Sitges"]
[Date "2024.07.26"]
[Round "5"]
[White "Falkevall, Axel"]
[Black "Escobar Forero, Alder"]
[Result "1-0"]
[WhiteElo "2318"]
[BlackElo "2426"]
[PlyCount "127"]
[EventDate "2024.07.22"]
[EventType "swiss"]
[EventRounds "9"]
[EventCountry "ESP"]
[SourceTitle "CBM 221 Extra"]
[Source "ChessBase"]
[SourceDate "2024.09.30"]
[SourceVersion "1"]
[SourceVersionDate "2024.09.30"]
[SourceQuality "1"]

1. d4 d5 2. c4 c6 3. Nf3 Nf6 4. Nc3 g6 5. cxd5 cxd5 6. Bf4 Bg7 7. e3 0-0 8. h3 Qb6 9. a3 Bf5 10. Na4 Qd8 11. Be2 Nc6 12. 0-0 Na5 13. g4 Bc8 14. Rc1 Nc4 15. Ne5 Nd6 16. f3 Nfe8 17. Qb3 e6 18. Qb4 f6 19. Nd3 Rf7 20. b3 Bf8 21. Qe1 g5 22. Bg3 Rg7 23. h4 gxh4 24. Bxh4 Nf5 25. Bf2 Bxa3 26. Ra1 Bd6 27. Kh1 Ne7 28. e4 dxe4 29. fxe4 b6 30. Bf3 Bb7 31. Qe3 Ng6 32. Nc3 Rc8 33. Ne2 Bb8 34. Rad1 Rc2 35. e5 Bxf3+ 36. Qxf3 Qd5 37. Qxd5 exd5 38. Ng3 fxe5 39. Nf5 Rb7 40. dxe5 Re2 41. Bd4 h5 42. Ng3 Ra2 43. gxh5 Rh7 44. Rf5 Ne7 45. Rf3 Ng7 46. Rg1 Rd2 47. Bc3 Rc2 48. Nb4 Rxc3 49. Rxc3 Bxe5 50. Rf3 Bd6 51. Nc2 Bxg3 52. Rgxg3 Rxh5+ 53. Kg1 Nef5 54. Rg4 Kh7 55. Nb4 d4 56. Nd5 Rh6 57. Rgf4 Rg6+ 58. Kf2 Rg5 59. Nf6+ Kg6 60. Ne4 Rh5 61. Rg4+ Kf7 62. Ng3 Rh2+ 63. Kg1 Rh3 64. Rxg7+ 1-0

[Event "Sitges op 48th"]
[Site "Sitges"]
[Date "2024.07.22"]
[Round "1"]
[White "Soldo, Dario"]
[Black "Escobar Forero, Alder"]
[Result "0-1"]
[WhiteElo "2052"]
[BlackElo "2426"]
[PlyCount "120"]
[EventDate "2024.07.22"]
[EventType "swiss"]
[EventRounds "9"]
[EventCountry "ESP"]
[SourceTitle "CBM 221 Extra"]
[Source "ChessBase"]
[SourceDate "2024.09.30"]
[SourceVersion "1"]
[SourceVersionDate "2024.09.30"]
[SourceQuality "1"]

1. e4 c5 2. Nf3 e6 3. g3 Nc6 4. Bg2 Nf6 5. Qe2 d6 6. 0-0 Be7 7. c3 0-0 8. d4 d5 9. e5 Ne4 10. Nbd2 Nxd2 11. Bxd2 Bd7 12. dxc5 Bxc5 13. b4 Be7 14. a3 b5 15. Nd4 Nxd4 16. cxd4 Qb6 17. Rfd1 f6 18. Be3 a5 19. Bf1 axb4 20. axb4 Rxa1 21. Rxa1 Bxb4 22. exf6 Rxf6 23. Qb2 Bf8 24. Rb1 b4 25. Bd2 b3 26. Qc3 Ba4 27. Ra1 Be8 28. Rb1 Ba4 29. Ra1 Qc6 30. Qxc6 Bxc6 31. Rb1 Ba4 32. Be2 Rf7 33. Bg4 Re7 34. Bb4 Re8 35. Bxf8 Kxf8 36. Kf1 Ke7 37. Bd1 Rb8 38. Ke2 Rb4 39. Kd3 Bb5+ 40. Kc3 Rc4+ 41. Kxb3 Rxd4 42. Kc3 Rc4+ 43. Kd2 Rd4+ 44. Kc3 Rc4+ 45. Kd2 Be8 46. Rb7+ Kf6 47. Bb3 Rd4+ 48. Kc3 Re4 49. Rb6 Ke7 50. Rb7+ Kf6 51. Rb6 d4+ 52. Kd3 Bg6 53. Kd2 Re5 54. f4 Re3 55. Bc4 Bf5 56. Rd6 Rf3 57. Rxd4 Rf2+ 58. Ke3 Rxh2 59. Kf3 h5 60. Bd3 Bg4+ 0-1

[Event "Barbera del Valles op 46th"]
[Site "Barbera del Valles"]
[Date "2024.07.06"]
[Round "3"]
[White "Escobar Forero, Alder"]
[Black "Singh, Siddharth"]
[Result "1-0"]
[WhiteElo "2426"]
[BlackElo "2186"]
[PlyCount "87"]
[EventDate "2024.07.04"]
[EventType "swiss"]
[EventRounds "9"]
[EventCountry "ESP"]
[SourceTitle "CBM 221 Extra"]
[Source "ChessBase"]
[SourceDate "2024.09.30"]
[SourceVersion "1"]
[SourceVersionDate "2024.09.30"]
[SourceQuality "1"]

1. e4 e6 2. d4 d5 3. Nc3 Bb4 4. a3 Bxc3+ 5. bxc3 Ne7 6. Bd3 c5 7. dxc5 Qa5 8. Nf3 Nd7 9. exd5 Nxd5 10. 0-0 h6 11. Re1 0-0 12. c4 N5f6 13. Bd2 Qc7 14. Qc1 Nxc5 15. Bxh6 Nxd3 16. Qg5 Ne8 17. cxd3 f6 18. Qg6 Qf7 19. Qg3 Kh7 20. Bd2 Qg6 21. Qh4+ Kg8 22. d4 Nd6 23. Bb4 Nf5 24. Qe4 Re8 25. a4 Rb8 26. Bd6 Ra8 27. a5 Kf7 28. Bc5 a6 29. Rab1 Rd8 30. Rxb7+ Kg8 31. Rxg7+ Kxg7 32. Qxa8 Rh8 33. Qa7+ Kh6 34. Qc7 e5 35. dxe5 Rg8 36. g3 Qh5 37. Qc6 Rg6 38. exf6 Bd7 39. Bf8+ Kh7 40. Qxd7+ Kg8 41. f7+ Kh8 42. Ba3 Nxg3 43. f8Q+ Rg8 44. Qdg7# 1-0

[Event "Titled Tuesday intern op 19th Mar Late"]
[Site "Chess.com INT"]
[Date "2024.03.19"]
[Round "1"]
[White "Escobar Forero, Alder"]
[Black "Grischuk, Alexander"]
[Result "1-0"]
[WhiteElo "2426"]
[BlackElo "2732"]
[PlyCount "77"]
[EventDate "2024.03.19"]
[EventType "swiss (blitz)"]
[EventRounds "11"]
[EventCountry "USA"]
[SourceTitle "EXT 2025"]
[Source "ChessBase"]
[SourceDate "2024.10.14"]
[SourceVersion "1"]
[SourceVersionDate "2024.10.14"]
[SourceQuality "1"]

1. e4 e5 2. Nf3 Nc6 3. Bb5 a6 4. Ba4 Nf6 5. d3 d6 6. c4 g6 7. Nc3 Bg7 8. h3 0-0 9. Be3 Nd7 10. 0-0 Nd4 11. Bxd4 exd4 12. Ne2 c6 13. b4 a5 14. a3 Qb6 15. Rb1 Re8 16. Qc2 Qa7 17. b5 Qc5 18. Rfc1 Nb6 19. Qb3 Rb8 20. Rb2 Bd7 21. Ra1 h5 22. Qc2 Rec8 23. bxc6 bxc6 24. Rab1 Rb7 25. Qc1 Rcb8 26. Bc2 Bc8 27. Rb3 Nd7 28. Rxb7 Rxb7 29. Rxb7 Bxb7 30. Qb2 Ba6 31. Nexd4 Bf6 32. g4 hxg4 33. hxg4 Ne5 34. Nxe5 Bxe5 35. Qb8+ Kg7 36. Nf3 Bc3 37. a4 Qb4 38. Qc7 d5 39. Ng5 1-0